| 000 | 00743cam a22002414a 4500 | ||
|---|---|---|---|
| 001 | 12956787 | ||
| 005 | 20180110080445.0 | ||
| 008 | 021003s2003 nhu b 001 0 eng | ||
| 010 | _a 2002151042 | ||
| 020 | _a0867095407 | ||
| 040 |
_aDLC _cDLC _dDLC |
||
| 041 | _aeng | ||
| 042 | _apcc | ||
| 080 | _a807.1 BLA | ||
| 082 | 0 | 0 |
_a807.1 BLA _221 |
| 100 | 1 | _a46 | |
| 101 | _aEDU | ||
| 245 | 1 | 4 |
_aThe literature workshop : _cSheridan D. Blau. |
| 504 | _aIncludes bibliographical references (p. 219-227) and index. | ||
| 906 |
_a7 _bcbc _corignew _d1 _eecip _f20 _gy-gencatlg |
||
| 942 |
_2ddc _cBK |
||
| 999 |
_c40022 _d40022 |
||